Catálogo

Designing virtual worlds / (Registro nro. 24804)

Detalles MARC
000 -LEADER
fixed length control field 01006cam a2200289 i 4500
001 - CONTROL NUMBER
control field 24804
003 - CONTROL NUMBER IDENTIFIER
control field Mx-PuUPA
005 - DATE AND TIME OF LATEST TRANSACTION
control field 20251022132140.0
008 - FIXED-LENGTH DATA ELEMENTS--GENERAL INFORMATION
fixed length control field 140415s2004 ca d r 000 0 eng d
020 ## - INTERNATIONAL STANDARD BOOK NUMBER
International Standard Book Number 0131018167
040 ## - CATALOGING SOURCE
Original cataloging agency Mx-PuUPA
Language of cataloging spa
Transcribing agency Mx-PuUPA
Modifying agency Mx-PuUPA
Description conventions rda
041 0# - LANGUAGE CODE
Language code of text/sound track or separate title eng
100 1# - MAIN ENTRY--PERSONAL NAME
Personal name Bartle, Richard A.,
Relator term autor
9 (RLIN) 9381
245 10 - TITLE STATEMENT
Title Designing virtual worlds /
Statement of responsibility, etc. Richard a. Bartle
264 #4 - PRODUCTION, PUBLICATION, DISTRIBUTION, MANUFACTURE, AND COPYRIGHT NOTICE
Place of production, publication, distribution, manufacture Berkeley, California :
Name of producer, publisher, distributor, manufacturer New Riders Publishing,
Date of production, publication, distribution, manufacture, or copyright notice ©2004
300 ## - PHYSICAL DESCRIPTION
Extent xxi, 741 páginas :
Other physical details gráficas ;
Dimensions 24 cm
336 ## - CONTENT TYPE
Content type term texto
Fuente rdacontent
Content type code txt
337 ## - MEDIA TYPE
Media type term sin medio
Source rdamedia
Media type code n
338 ## - CARRIER TYPE
Carrier type term volumen
Source rdacarrier
Carrier type code nc
650 #4 - SUBJECT ADDED ENTRY--TOPICAL TERM
Topical term or geographic name entry element Juegos con computadora
General subdivision Programación
650 #4 - SUBJECT ADDED ENTRY--TOPICAL TERM
Topical term or geographic name entry element Interacción hombre-computadora
650 #4 - SUBJECT ADDED ENTRY--TOPICAL TERM
Topical term or geographic name entry element Juegos con computadora
General subdivision Diseño
942 ## - ADDED ENTRY ELEMENTS (KOHA)
Source of classification or shelving scheme Dewey Decimal Classification
Koha item type Libro
Classification part 794.815276
Item part B223
Existencias
Withdrawn status Lost status Source of classification or shelving scheme Damaged status Not for loan Collection code Home library Current library Shelving location Date acquired Source of acquisition Total Checkouts Full call number Barcode Date last seen Price effective from Koha item type
    Dewey Decimal Classification     General Biblioteca Karol Wojtyla Biblioteca Karol Wojtyla Sala general 03/12/2013 Compra   794.815276 B223 2004 46309 05/01/2026 03/12/2013 Libro